000 01758cam a22003973a 4500
001 14621289
003 OSt
005 20140310184421.0
008 061102r20072005nyu c 000 1 eng d
010 _a 2006281585
020 _a0439901855 (pbk.)
020 _a9780439901857
035 _a(OCoLC)ocm71781829
040 _aTDS
_cTDS
_dDLC
050 0 0 _aPZ 7
_b.D6475Fs 2008
100 1 _aD'Lacey, Chris.
_924502
245 1 0 _aFire star /
_cChris D'Lacey.
260 _aNew York :
_bOrchard Books
_c2008.
300 _a548 p. ;
_c19 cm.
500 _aSequel to: Icefire.
500 _aSequel: The Fire Eternal.
520 _aDavid Rain is faced with the most perilous task yet when Gwilanna returns, this time determined to resurrect the dragon Gawain on the ice cap of the Tooth of Ragnar, unless David and her friends can stop her.
521 _aG6
526 _c830
562 _eFor Circulation. 1 Copy Available in the Collection
650 0 _aParanormal fiction.
_94995
650 0 _aBears
_vJuvenile fiction.
_926687
650 0 _aDragons
_vJuvenile fiction.
_926688
650 0 _aAuthorship
_vJuvenile fiction.
_926689
650 0 _aBoardinghouses
_vJuvenile fiction.
_926690
651 0 _aArctic Regions
_vJuvenile fiction.
_926691
906 _a7
_bcbc
_ccopycat
_d2
_encip
_f20
_gy-gencatlg
942 _2lcc
_cBK-SCHOLAS
999 _c34235
_d34235